Geopolítica de la crisis en la gestión de los desechos sólidos domésticos (Gran Area Metropolotana de Costa Rica: 1950-2005) /

Saved in:
Bibliographic Details
Main Author: Ramírez Boza, Mario A.
Format: Text
Language:Spanish
Subjects:
Tags: Add Tag
No Tags, Be the first to tag this record!

MARC

LEADER 00000 a a2200000 04500
001 14525
003 cru CIDCACS/IIS
005 20190805140540.0
008 190805b ||||| |||| 00| 0 spa d
999 |c 20811  |d 20811 
040 |c cru CIDCACS/IIS 
090 |a REV0862 (109-110) 2005 
100 |a Ramírez Boza, Mario A.  
245 |a Geopolítica de la crisis en la gestión de los desechos sólidos domésticos (Gran Area Metropolotana de Costa Rica: 1950-2005) /  |c Mario A. Ramírez Boza  
650 |a TRATAMIENTO DE DESPERDICIOS  
650 |a RELACIONES DE PODER  
650 |a PODER ECONOMICO  
650 |a PODER POLITICO  
650 |a PLANIFICACION TERRITORIAL  
650 |a POLITICAS PUBLICAS  
773 |g número 109 (III) - 110 (páginas 101-125 ) 
773 0 |0 18728  |9 3031  |a Universidad de Costa Rica  |d San José, Costa Rica Editorial UCR 1956-  |o 05836  |t Revista de Ciencias Sociales/  |x 04825276 
942 |2 ddc  |c PP